MARC details
| 000 -CABECERA |
| campo de control de longitud fija |
01753nam a22003377i 4500 |
| 003 - IDENTIFICADOR DEL NÚMERO DE CONTROL |
| campo de control |
DO-SdBNP |
| 005 - FECHA Y HORA DE LA ÚLTIMA TRANSACCIÓN |
| campo de control |
20230516082323.0 |
| 007 - CAMPO FIJO DE DESCRIPCIÓN FÍSICA--INFORMACIÓN GENERAL |
| campo de control de longitud fija |
ta |
| 008 - DATOS DE LONGITUD FIJA--INFORMACIÓN GENERAL |
| campo de control de longitud fija |
220801b20062007|||aod|grt||| 00| 0 eng d |
| 040 ## - FUENTE DE LA CATALOGACIÓN |
| Centro catalogador/agencia de origen |
DO-SdBNP |
| Lengua de catalogación |
spa |
| Centro/agencia transcriptor |
BNPHU |
| Normas de descripción |
rda |
| 082 #4 - NÚMERO DE LA CLASIFICACIÓN DECIMAL DEWEY |
| Número de clasificación |
354.36 |
| Número de documento/Ítem |
R426m |
| Número de edición |
22 |
| 110 1# - ENTRADA PRINCIPAL--NOMBRE DE ENTIDAD CORPORATIVA |
| 9 (RLIN) |
75716 |
| Nombre de entidad corporativa o nombre de jurisdicción como elemento de entrada |
República Dominicana. |
| Unidad subordinada |
Instituto Nacional de Aguas Potables y Alcantarillados. |
| 245 10 - MENCIÓN DE TÍTULO |
| Título |
Memorias 2006: |
| Resto del título |
una visión programática. / |
| Mención de responsabilidad, etc. |
Editor, Maricela de la Rosa; Fotografía, Gerardo Leonol, Louvis Pimentel, Juliana Rodríguez |
| 264 ## - PRODUCCIÓN, PUBLICACIÓN, DISTRIBUCIÓN, FABRICACIÓN Y COPYRIGHT |
| Producción, publicación, distribución, fabricación y copyright |
Santo Domingo : |
| Nombre del de productor, editor, distribuidor, fabricante |
INAPA, |
| Fecha de producción, publicación, distribución, fabricación o copyright |
2007 |
| 300 ## - DESCRIPCIÓN FÍSICA |
| Extensión |
193 paginas : |
| Otras características físicas |
il., fotgr. gráf. ; |
| Dimensiones |
28 cm. |
| 336 ## - TIPO DE CONTENIDO |
| Fuente |
rdacontent |
| Término de tipo de contenido |
texto |
| Código de tipo de contenido |
txt |
| 337 ## - TIPO DE MEDIO |
| Fuente |
rdamedia |
| Nombre/término del tipo de medio |
sin mediación |
| Código del tipo de medio |
n |
| 338 ## - TIPO DE SOPORTE |
| Fuente |
rdacarrier |
| Nombre/término del tipo de soporte |
volumen |
| Código del tipo de soporte |
nc |
| 505 ## - NOTA DE CONTENIDO CON FORMATO |
| Título |
I. Palabra del Director Ejecutivo.-- |
| -- |
II. Proyectos con Fondos Locales.-- |
| -- |
III. Sistemas Rurales.-- |
| -- |
IV. Proyectos a Ejecutar en el 2007 |
| -- |
VI. Mejoramiento y Optimización de Sistemas en Servicios.-- |
| -- |
VII. Capacitación y Formación de los Recursos Humanos.-- |
| -- |
VIII. Gestión y Desarrollo Institucional. |
| 590 ## - NOTA LOCAL (RLIN) |
| Nota local |
Inventariado 2022 / MF |
| 650 #4 - PUNTO DE ACCESO ADICIONAL DE MATERIA--TÉRMINO DE MATERIA |
| Término de materia o nombre geográfico como elemento de entrada |
Aguas potables |
| Subdivisión general |
Memorias e informes |
| Subdivisión geográfica |
República Dominicana |
| 9 (RLIN) |
82132 |
| 650 #4 - PUNTO DE ACCESO ADICIONAL DE MATERIA--TÉRMINO DE MATERIA |
| Término de materia o nombre geográfico como elemento de entrada |
Alcantarillado |
| Subdivisión general |
Memorias e informes |
| Subdivisión geográfica |
República Dominicana |
| 9 (RLIN) |
82133 |
| 650 #4 - PUNTO DE ACCESO ADICIONAL DE MATERIA--TÉRMINO DE MATERIA |
| Término de materia o nombre geográfico como elemento de entrada |
Instituciones públicas |
| Subdivisión general |
Memorias e informes |
| Subdivisión geográfica |
República Dominicana |
| 9 (RLIN) |
82134 |
| 651 #4 - PUNTO DE ACCESO ADICIONAL DE MATERIA--NOMBRE GEOGRÁFICO |
| Nombre geográfico |
República Dominicana |
| Subdivisión de forma |
Administración Pública |
| Subdivisión general |
Memorias E Informes |
| 9 (RLIN) |
82135 |
| 700 1# - PUNTO DE ACCESO ADICIONAL--NOMBRE DE PERSONA |
| Fechas asociadas al nombre |
Rosa, Maricela, de la, |
| Término indicativo de función/relación |
fotogr. |
| 9 (RLIN) |
82136 |
| 700 1# - PUNTO DE ACCESO ADICIONAL--NOMBRE DE PERSONA |
| Nombre de persona |
Leonor, Gerardo, |
| Término indicativo de función/relación |
fotogr. |
| 9 (RLIN) |
82137 |
| 700 ## - PUNTO DE ACCESO ADICIONAL--NOMBRE DE PERSONA |
| 9 (RLIN) |
78626 |
| Nombre de persona |
Rodríguez, Juliana, |
| Término indicativo de función/relación |
fotogr. |
| 710 1# - PUNTO DE ACCESO ADICIONAL--NOMBRE DE ENTIDAD CORPORATIVA |
| Nombre de entidad corporativa o nombre de jurisdicción como elemento de entrada |
República Dominicana. |
| Unidad subordinada |
Instituto Nacional de Aguas Potables y Alcantarillados |
| 9 (RLIN) |
1282 |
| 910 ## - DATOS DE OPCIÓN DEL USUARIO (OCLC) |
| Datos de opción del usuario |
MFeliz |
| 942 ## - ELEMENTOS DE PUNTO DE ACCESO ADICIONAL (KOHA) |
| Fuente del sistema de clasificación o colocación |
Dewey Decimal Classification |
| Tipo de ítem Koha |
Libro |